| 000 | 00406nam a2200157Ia 4500 | ||
|---|---|---|---|
| 008 | 230917s9999||||xx |||||||||||||| ||und|| | ||
| 040 |
_e184911 _aMAIN |
||
| 041 | _aEnglish | ||
| 082 | _a346.03 R189E | ||
| 100 | _aRanchhoddas, Ratanlal | ||
| 245 | 0 | _aEnglish and Indian law of torts | |
| 250 | _a18th ed. | ||
| 260 |
_aBombay _bBombay Law Reporter Office _c1960 |
||
| 300 | _alxxi, 595 p. | ||
| 942 | _cBK | ||
| 999 |
_c79865 _d79865 |
||